000 01138nam a2200337Ia 4500
001 dia_4578
003 CHAP
005 20240403180148.0
007 ta
008 220117s2011 mx o fr 001 0 spa d
040 _cCHAP
_amxchpua
090 _aT.C.539
_bP66 SAI
_c2011
245 1 0 _aSistema agroindustrial chile habanero /
_ccoordinador Pedro Ponce Hernández ; colaboradores Paz Itzel Anaya López...[et al.]
260 _aMéxico :
_bEl autor,
_c2011
300 _a26 hojas :
_bdiagramas, tablas, fotos
336 _2rdacontent
_atexto
_btxt
337 _2rdamedia
_ano mediado
_bn
338 _2rdacarrier
_avolumen
_bnc
502 _aViaje de estudio
_b(SAI) --
_cUACh. Departamento de Ingeniería Agroindustrial,
_d2011
504 _aBibliografía: hoja 26
650 1 3 _aChile habanero
_922414
700 1 _aAnaya López, Paz Itzel
_9126465
_ecolaboradora
700 1 _aPonce Hernández, Pedro
_9147918
_ecoordinador
901 _aT.C.539 P66 SAI 2011
902 _aM
905 _a5232272011 mx din 8223223322spa16
942 _2local
942 _cVE
999 _c175243
_d175243